00602nam a2200193 a 45000010005000000030009000050050017000140080041000310400028000720820015001001000071001152450083001862600042002693000010003116500030003216500028003519420012003799990017003918885CO-ViMGA20250801162557.0141112s2004 ck r 000 u spa d aCO-ViMGAbspacCO-ViMGA04aFr809 F6531 aFondo mixto de promoción de cultura y las artes del Meta, 9905410aSinfonias Iniciales : bMemorias del taller permanente de escritores del Meta. aVillavicencio : bEntreletras, c2001 a120p.14aCUENTOS COLOMBIANOS9905514aPOESIA COLOMBIANA91069 2ddccBK c20476d20476